000 01844nam a2200469 i 4500
001 49753
003 KOSZ 005
005 20210629094121.0
008 971216s1988 pl f d |000 0 pol
015 _aUWD 1988/10026
035 _a991003368769705066
035 _a(PL-WaBN)b10903008-48omnis_nlop
035 _ab10903008
035 _a(OCoLC)835041751
035 _a(PL)b0000001090300
035 _a(EXLNZ-48OMNIS_NETWORK)9910399187805606
040 _aWA N
_cWA N
_dKOSZ 005/HR
041 0 _apol
_aeng
_afre
_ager
_arus
046 _k1988
080 _a528.7(03)=00
245 0 0 _aSłownik terminologiczny (pięciojęzyczny) z zakresu fotogrametrii i teledetekcji.
_nT. 2,
_pSłowniki dwujęzyczne - angielsko-polski, francusko-polski, niemiecko-polski, rosyjsko-polski /
_cpod red. Zbigniewa Sitka ; Sekcja Fotogrametrii i Teledetekcji Komitetu Geodezji Polskiej Akademii Nauk, Zakład Fotogrametrii Instytutu Geodezji Górniczej i Przemysłowej Akademii Górniczo-Hutniczej w Krakowie.
260 _aKraków :
_bWydaw. AGH,
_c1988.
300 _a177 s. ;
_c24 cm.
336 _aTekst
_btxt
_2rdacontent
337 _aBez urządzenia pośredniczącego
_bn
_2rdamedia
338 _aWolumin
_bnc
_2rdacarrier
380 _aKsiążki
380 _aPublikacje informacyjne
388 _a1901-2000
388 _a1945-1989
650 7 _aFotogrametria
_2DBN
650 7 _aTeledetekcja
_2DBN
650 7 _aTerminologia
655 7 _aSłownik terminologiczny
_2DBN
655 7 _aSłownik wielojęzyczny
_2DBN
658 _aGeografia i nauki o Ziemi
658 _aJęzykoznawstwo
700 1 _aSitek, Zbigniew
_d(1928- )
_eRedakcja
856 _uhttp://koha.tu.koszalin.pl/cgi-bin/koha/opac-detail.pl?biblionumber=49753
_yKatalog online BPK
942 _2UKD
_cKS
999 _c49753
_d49753